Semiconductor materials (Record no. 48988)
[ view plain ]
| 000 -LEADER | |
|---|---|
| fixed length control field | 01195nam a22003134a 4500 |
| 082 04 - DEWEY DECIMAL CLASSIFICATION NUMBER | |
| Classification number | 621.3815/2 |
| 100 1# - MAIN ENTRY--AUTHOR NAME | |
| Personal name | Yacobi, B. G. |
| 245 10 - TITLE STATEMENT | |
| Title | Semiconductor materials |
| 260 ## - PUBLICATION, DISTRIBUTION, ETC. (IMPRINT) | |
| Place of publication | New York : |
| Name of publisher | Kluwer Academic/Plenum Publishers, |
| Year of publication | c2003. |
| 300 ## - PHYSICAL DESCRIPTION | |
| Number of Pages | ix, 228 p. : |
| Other physical details | ill. |
| 490 1# - SERIES STATEMENT | |
| Series statement | Microdevices |
| 650 #0 - SUBJECT ADDED ENTRY--TOPICAL TERM | |
| Topical Term | Semiconductors. |
| 856 40 - ELECTRONIC LOCATION AND ACCESS | |
| Uniform Resource Identifier | http://site.ebrary.com/lib/rucke/Doc?id=10067233 |
No items available.
